Billy Joel Lyrics Quiz (Part 06) - Statistics

General Stats
  • This quiz has been taken 151 times
  • The average score is 104 of 210
Answer Stats
Answer % Correct
I
96%
a
94%
you
84%
You
84%
the
82%
be
71%
It
71%
me
71%
And
70%
to
70%
To
70%
is
67%
When
66%
when
66%
can
63%
my
62%
on
62%
so
57%
what
56%
love
55%
for
53%
want
53%
where
52%
as
49%
don't
49%
Don't
49%
If
48%
if
48%
All
46%
ever
46%
they
46%
wear
46%
have
45%
you're
45%
from
44%
I'm
44%
need
44%
of
44%
too
44%
But
43%
always
42%
just
41%
out
39%
know
38%
some
37%
give
36%
hard
35%
heart
35%
say
35%
tell
35%
Tell
35%
one
34%
well
34%
sleeve
32%
find
31%
Honesty
31%
such
31%
word
31%
Everyone
30%
lonely
30%
heard
29%
With
29%
ask
28%
live
28%
mostly
28%
hardly
27%
isn't
27%
look
27%
untrue
27%
won't
27%
lover
26%
someone
26%
end
24%
might
24%
search
24%
believe
23%
'Cause
23%
tenderness
23%
gone
22%
seems
22%
friend
21%
lies
21%
again
20%
blind
20%
Anyone
19%
bitter
19%
comfort
19%
deep
19%
else
19%
inside
19%
nothin'
19%
truthfulness
19%
until
19%
upon
19%
depend
18%
face
18%
pretty
18%
promises
18%
security
18%
concerned
17%
sincerity
17%
sympathize
17%
while
16%
turn
15%
No matching quizzes found
Score Distribution
Percent of People with Each Score
Percentile by Number Answered
Your Score History
You have not taken this quiz